LIBRARY ONLINE CATALOGUE

The Rise and fall of development theory. (Record no. 12636)

MARC details
000 -LEADER
fixed length control field 00604nam a22002052 4500
001 - CONTROL NUMBER
control field 0000001747
005 - DATE AND TIME OF LATEST TRANSACTION
control field 20151217155813.0
008 - FIXED-LENGTH DATA ELEMENTS--GENERAL INFORMATION
fixed length control field 070326s xx 000 0 eng d
020 ## - INTERNATIONAL STANDARD BOOK NUMBER
International Standard Book Number 025321016X :
Terms of availability KES 2,260
040 ## - CATALOGING SOURCE
Original cataloging agency KABU
Transcribing agency KABU
050 #0 - LIBRARY OF CONGRESS CALL NUMBER
Classification number HC800
Item number .L49 1996
100 1# - MAIN ENTRY--PERSONAL NAME
Personal name Leys, Colin.
-- 0000150238
245 14 - TITLE STATEMENT
Title The Rise and fall of development theory.
260 ## - PUBLICATION, DISTRIBUTION, ETC. (IMPRINT)
Place of publication, distribution, etc. Nairobi :
Name of publisher, distributor, etc. EAEP,
Date of publication, distribution, etc. 1996.
300 ## - PHYSICAL DESCRIPTION
Extent viii, 205 p.
651 #0 - SUBJECT ADDED ENTRY--GEOGRAPHIC NAME
Geographic name Africa, Sub-Saharan
General subdivision Economic conditions.
-- 0000150749
908 ## - PUT COMMAND PARAMETER (RLIN)
Put command parameter 070326
950 ## - LOCAL HOLDINGS (RLIN)
-- 1
Holdings
Withdrawn status Lost status Source of classification or shelving scheme Not for loan Home library Current library Date acquired Total Checkouts Full call number Barcode Date last seen Price effective from Koha item type
    Library of Congress Classification   Kabarak, Main Campus Kabarak, Main Campus 17/12/2015   HC800 .L49 1996 001887 17/12/2015 17/12/2015 Africana Collection